Score 0/195 Timer 20:00
0 Plays Today
Country Head of State % Correct
United StatesBarack Obama
81.2%
Antigua and BarbudaElizabeth II
80.4%
AustraliaElizabeth II
80.4%
BahamasElizabeth II
80.4%
BarbadosElizabeth II
80.4%
BelizeElizabeth II
80.4%
CanadaElizabeth II
80.4%
GrenadaElizabeth II
80.4%
JamaicaElizabeth II
80.4%
New ZealandElizabeth II
80.4%
Papua New GuineaElizabeth II
80.4%
Saint Kitts and NevisElizabeth II
80.4%
Saint LuciaElizabeth II
80.4%
Saint Vincent and the GrenadinesElizabeth II
80.4%
Solomon IslandsElizabeth II
80.4%
TuvaluElizabeth II
80.4%
United KingdomElizabeth II
80.4%
AndorraJoan Enric Vives Sicília and Nicolas Sarkozy
53.1%
FranceNicolas Sarkozy
52.5%
AfghanistanHamid Karzai
50.7%
Democratic People's Republic of KoreaKim Il-Sung
45.2%
People's Republic of ChinaHu Jintao
42.8%
Republic of ChinaMa Ying-jeou
42.5%
CubaRaúl Castro
40.8%
RussiaDmitry Medvedev
40.8%
Vatican CityBenedict XVI
40.5%
SpainJuan Carlos I
37.8%
VenezuelaHugo Chávez
37.8%
ZimbabweRobert Mugabe
37.8%
JordanAbdullah II
37.5%
Saudi ArabiaAbdullah
36.1%
IranAli Khamenei
33.4%
EgyptHosni Mubarak
32.3%
ArgentinaCristina Fernández de Kirchner
31.1%
BelgiumAlbert II
30.8%
SwedenCarl XVI Gustaf
30.8%
MonacoAlbert II
30.5%
South AfricaJacob Zuma
30.5%
BrazilLuiz Inácio Lula da Silva
28.7%
LibyaMuammar al-Gaddafi
28.7%
NetherlandsBeatrix
27.6%
SyriaBashar al-Assad
24.3%
NorwayHarald V
23.5%
BoliviaEvo Morales
23.2%
MexicoFelipe Calderón
22.9%
JapanAkihito
21.7%
NigeriaGoodluck Jonathan
21.7%
IsraelShimon Peres
21.4%
LiberiaEllen Johnson Sirleaf
21.1%
TunisiaZine El Abidine Ben Ali
21.1%
BelarusAlexander Lukashenko
20.2%
SudanOmar al-Bashir
19.9%
DenmarkMargrethe II
19.6%
Republic of KoreaLee Myung-bak
19.4%
MoroccoMuhammad VI
19.1%
AngolaJosé Eduardo dos Santos
18.8%
LiechtensteinHans-Adam II
17.6%
IrelandMary McAleese
17%
IraqJalal Talabani, Adil Abdul Mahdi, and Tariq al-Hashimi
16.7%
ItalyGiorgio Napolitano
16.7%
PhilippinesBenigno Aquino III
16.7%
LuxembourgHenri
16.1%
AlgeriaAbdelaziz Bouteflika
15.8%
NicaraguaDaniel Ortega
15%
SwazilandMswati III
15%
Country Head of State % Correct
PakistanAsif Ali Zardari
14.7%
ColombiaJuan Manuel Santos
14.4%
RwandaPaul Kagame
14.4%
PortugalAníbal Cavaco Silva
13.8%
TurkeyAbdullah Gül
13.8%
GermanyChristian Wulff
13.5%
KenyaMwai Kibaki
13.5%
OmanQaboos bin Said al Said
13.5%
Democratic Republic of the CongoJoseph Kabila
13.2%
LesothoLetsie III
13.2%
TongaGeorge Tupou V
13.2%
BotswanaIan Khama
12.9%
CameroonPaul Biya
12.9%
KuwaitSabah Al-Ahmad Al-Jaber Al-Sabah
12.9%
Bosnia and HerzegovinaPresidency of Bosnia and Herzegovina
12.3%
YemenAli Abdullah Saleh
12.3%
BahrainHamad ibn Isa Al Khalifah
12%
ChileSebastián Piñera
12%
FinlandTarja Halonen
12%
IndonesiaSusilo Bambang Yudhoyono
12%
IndiaPratibha Patil
11.7%
Côte d'IvoireLaurent Gbagbo
11.7%
SomaliaSharif Ahmed
11.7%
United Arab EmiratesKhalifa bin Zayed Al Nahyan
11.7%
AustriaHeinz Fischer
11.4%
Czech RepublicVáclav Klaus
11.4%
EritreaIsaias Afewerki
11.1%
UzbekistanIslam Karimov
11.1%
GeorgiaMikheil Saakashvili
10.9%
HaitiRené Préval
10.9%
KazkahstanNursultan Nazarbayev
10.9%
UgandaYoweri Museveni
10.9%
AzerbaijanIlham Aliyev
10.6%
GhanaJohn Atta Mills
10.3%
MyanmarThan Shwe
10.3%
QatarHamad bin Khalifa Al Thani
10.3%
BhutanJigme Khesar Namgyal Wangchuck
10%
ChadIdriss Déby
10%
PeruAlan García
10%
EcuadorRafael Correa
9.7%
PolandBronisław Komorowski
9.7%
ZambiaRupiah Banda
9.7%
SerbiaBoris Tadić
9.4%
SenegalJames Michel
9.4%
ThailandBhumibol Adulyadej
9.4%
BeninYayi Boni
9.1%
BruneiHassanal Bolkiah
9.1%
Dominican RepublicLeonel Fernández
9.1%
IcelandÓlafur Ragnar Grímsson
9.1%
EstoniaToomas Hendrik Ilves
9.1%
MalawiBingu wa Mutharika
9.1%
GreeceKarolos Papoulias
8.8%
LebanonMichel Suleiman
8.8%
SenegalAbdoulaye Wade
8.8%
TanzaniaJakaya Kikwete
8.8%
AlbaniaBamir Topi
8.5%
Burkina FasoBlaise Compaoré
8.5%
Central African RepublicFrançois Bozizé
8.5%
Republic of the CongoDenis Sassou-Nguesso
8.5%
Costa RicaLaura Chinchilla
8.5%
GambiaYahya Jammeh
8.5%
TogoFaure Gnassingbé
8.5%
BurundiPierre Nkurunziza
8.2%
DjiboutiIsmail Omar Guelleh
8.2%
MozambiqueArmando Guebuza
8.2%
Country Head of State % Correct
UkraineViktor Yanukovych
8.2%
ArmeniaSerzh Sargsyan
7.9%
LithuaniaDalia Grybauskaitė
7.9%
CambodiaNorodom Sihamoni
7.9%
NamibiaHifikepunye Pohamba
7.9%
MadagascarAndry Rajoelina
7.9%
Equatorial GuineaTeodoro Obiang Nguema Mbasogo
7.6%
EthiopiaGirma Wolde-Giorgis
7.6%
HungaryPál Schmitt
7.6%
MauritaniaMohamed Ould Abdel Aziz
7.6%
ParaguayFernando Lugo
7.6%
Sierra LeoneErnest Bai Koroma
7.6%
SloveniaDanilo Türk
7.6%
SwitzerlandFederal Council: Doris Leuthard, Moritz Leuenberger, Micheline Calmy-Rey, Hans-Rudolf Merz, Eveline Widmer-Schlumpf, Ueli Maurer, Didier Burkhalter
7.6%
UruguayJosé Mujica
7.6%
RomaniaTraian Băsescu
7.3%
SlovakiaIvan Gašparovič
7.3%
MacedoniaGjorge Ivanov
7%
CroatiaIvo Josipović
6.7%
Guinea-BissauMalam Bacai Sanhá
6.7%
MaltaGeorge Abela
6.7%
SurinameDési Bouterse
6.7%
TurkmenistanGurbanguly Berdimuhamedow
6.7%
BangladeshZillur Rahman
6.5%
CyprusDimitris Christofias
6.5%
TajikistanEmomalii Rahmon
6.5%
GabonAli Bongo Ondimba
6.2%
MaliAmadou Toumani Touré
6.2%
MongoliaTsakhiagiin Elbegdorj
6.2%
NauruMarcus Stephen
6.2%
Trinidad and TobagoGeorge Maxwell Richards
6.2%
DominicaNicholas Liverpool
5.9%
El SalvadorMauricio Funes
5.9%
HondurasPorfirio Lobo Sosa
5.9%
KyrgyzstanRoza Otunbayeva
5.9%
MauritiusAnerood Jugnauth
5.9%
MontenegroFilip Vujanović
5.9%
NepalRam Baran Yadav
5.9%
Sri LankaMahinda Rajapaksa
5.9%
GuineaMoussa Dadis Camara
5.6%
KiribatiAnote Tong
5.6%
MaldivesMohamed Nasheed
5.6%
PanamaRicardo Martinelli
5.6%
Timor-LesteJosé Ramos-Horta
5.6%
SamoaTupua Tamasese Tupuola Tufuga Efi
5.6%
BulgariaGeorgi Parvanov
5.3%
Cape VerdePedro Pires
5.3%
LaosChoummaly Sayasone
5.3%
MicronesiaManny Mori
5.3%
GuatemalaÁlvaro Colom
5%
GuyanaBharrat Jagdeo
5%
LatviaValdis Zatlers
5%
São Tomé and PríncipeFradique de Menezes
5%
VanuatuIolu Abil
5%
ComorosAhmed Abdallah Mohamed Sambi
4.7%
FijiEpeli Nailatikau
4.7%
NigerSalou Djibo
4.7%
PalauJohnson Toribiong
4.7%
San MarinoGiovanni Francesco Ugolini and Andrea Zafferani
4.7%
MoldovaMihai Ghimpu
4.4%
KosovoJakup Krasniqi
4.1%
VietnamNguyễn Minh Triết
4.1%
MalaysiaMizan Zainal Abidin
3.8%
Marshall IslandsJurelang Zedkaia
3.8%
SingaporeSellapan Ramanathan
3.2%
Remove Ads.
Support Sporcle.
Get the best of Sporcle when you Go Orange. This ad-free experience offers more features, more stats, and more fun while also helping to support Sporcle. Thank you for becoming a member.

You're not logged in!

Compare scores with friends on all Sporcle quizzes.
OR
Log In

Sporcle TV

Today on Sporcle TV


Watch our educational content, quiz creation guides, and fun videos on Sporcle TV.

Show Comments

Extras

Top Quizzes Today


Score Distribution

Paid Content

Your Account Isn't Verified!

In order to create a playlist on Sporcle, you need to verify the email address you used during registration. Go to your Sporcle Settings to finish the process.

Report this User

Report this user for behavior that violates our Community Guidelines.

Details: